My life (Record no. 9929)

000 -LEADER
fixed length control field 00621 a2200205 4500
020 ## - INTERNATIONAL STANDARD BOOK NUMBER
International Standard Book Number 0-09-179527-3
040 ## - CATALOGING SOURCE
Original cataloging agency DLC
Language of cataloging DLC
100 1# - MAIN ENTRY--PERSONAL NAME
Personal name Clinton, Bill,
245 10 - TITLE STATEMENT
Title My life
Statement of responsibility, etc. Bill Clinton
260 ## - PUBLICATION, DISTRIBUTION, ETC.
Place of publication, distribution, etc. London :
Name of publisher, distributor, etc. Hutchinson,
Date of publication, distribution, etc. 2004
300 ## - PHYSICAL DESCRIPTION
Extent 957, xlii s., [32] pl.-s.
600 14 - SUBJECT ADDED ENTRY--PERSONAL NAME
Personal name Clinton, Bill,
Dates associated with a name 1946-
600 14 - SUBJECT ADDED ENTRY--PERSONAL NAME
Personal name Clinton, Bill,
Dates associated with a name 1946-
650 #7 - SUBJECT ADDED ENTRY--TOPICAL TERM
Topical term or geographic name entry element Presidenter
Geographic subdivision Frenta staterna
650 #7 - SUBJECT ADDED ENTRY--TOPICAL TERM
Topical term or geographic name entry element Presidents
Geographic subdivision United States
651 #7 - SUBJECT ADDED ENTRY--GEOGRAPHIC NAME
Geographic name Frenta staterna
General subdivision politik och frvaltning
Chronological subdivision 1993-2001
651 #7 - SUBJECT ADDED ENTRY--GEOGRAPHIC NAME
Geographic name United States
General subdivision Politics and government
Chronological subdivision 1993-2001.
655 #4 - INDEX TERM--GENRE/FORM
Genre/form data or focus term Bok
942 ## - ADDED ENTRY ELEMENTS (KOHA)
Koha item type Book
Call number prefix 973.929092 CLI
Source of classification or shelving scheme
Holdings
Withdrawn status Lost status Damaged status Not for loan Collection code Permanent Location Current Location Shelving location Date acquired Source of acquisition Cost, normal purchase price Total Checkouts Total Renewals Full call number Barcode Date last seen Date last checked out Price effective from Koha item type
          Central Library (CL) Central Library (CL) General Stacks 09/01/2004 Allied Book Company 1695.87 1 1 973.929092 CLI SEECS004721 12/02/2024 09/17/2019 01/05/2017 Book
© 2023 Central Library, National University of Sciences and Technology. All Rights Reserved.